GAMES PEOPLE PLAY THE BASIC HANDBOOK OF (Record no. 8104)

MARC details
000 -LEADER
fixed length control field 00348nam a2200133Ia 4500
008 - FIXED-LENGTH DATA ELEMENTS--GENERAL INFORMATION
fixed length control field 240624s9999 xx 000 0 und d
041 ## - LANGUAGE CODE
Language code of text/sound track or separate title eng
082 ## - DEWEY DECIMAL CLASSIFICATION NUMBER
Classification number 158.2 BER
100 ## - MAIN ENTRY--PERSONAL NAME
Personal name BERNE ERIC
245 ## - TITLE STATEMENT
Title GAMES PEOPLE PLAY THE BASIC HANDBOOK OF
260 ## - PUBLICATION, DISTRIBUTION, ETC.
Date of publication, distribution, etc. 2004
Place of publication, distribution, etc. New York
Name of publisher, distributor, etc. Ballantine Books
300 ## - PHYSICAL DESCRIPTION
Extent xvi, : 196 : p. : cm. ; 21
365 ## - TRADE PRICE
Currency code
Price amount 20
Holdings
Withdrawn status Lost status Damaged status Not for loan Home library Current library Shelving location Date acquired Source of acquisition Cost, normal purchase price Total Checkouts Total Renewals Total Holds Full call number Barcode Date last seen Date last checked out Copy number Price effective from Koha item type
        IMTN IMTN Rack 1-B 01/17/2008 WBD 7.50 3 2 736 158.2 BER 8104 03/23/2025 02/24/2025 39.48 06/24/2024 Books
Designed & Maintained by: LRC IMT Nagpur Contact: lrc@imtnag.ac.in© 2024. All Rights Reserved.